LEADER 01398nam0 22003011i 450 001 UON00076973 005 20231205102414.782 100 $a20020107d1974 |0itac50 ba 101 $aeng 102 $aGB 105 $a|||| ||||| 200 1 $aShabtis. Illustrated by the egyptian collection in University College, London$fWilliam Matthew Flinders Petrie 205 $aLondon : Aris & Phillips$bc1974 210 $a15 p.$d65 c. di tav. ; 32 cm 215 $aFirst published by the British School of Archaeology in Egypt, 1935 410 1$1001UON00066721$12001 $aˆThe ‰Petrie egyptian collection and excavations$fW. M. Flinders Petrie$v4 606 $aUSHEBTY$xCollezioni$3UONC020011$2FI 620 $aGB$dLondon$3UONL003044 676 $a932.074$cEGITTOLOGIA - Collezioni$v21 700 1$aPETRIE$bWilliam Matthew Flinders$3UONV048972$0621145 712 $aAris & Phillips$3UONV256733$4650 790 1$aPETRIE, W. M. Flinders$zPETRIE, William Matthew Flinders$3UONV026530 801 $aIT$bSOL$c20240220$gRICA 899 $aSIBA - SISTEMA BIBLIOTECARIO DI ATENEO$2UONSI 912 $aUON00076973 950 $aSIBA - SISTEMA BIBLIOTECARIO DI ATENEO$dSI EG II e 005/4 $eSI AA 6354 5 005/4 996 $aShabtis. Illustrated by the egyptian collection in University College, London$91163044 997 $aUNIOR